|
|
|
|
| LEADER |
00000nam a2200000 a 4500 |
| 001 |
UCV9428 |
| 003 |
CL-VaPUC |
| 008 |
920925e19600000SP |||||||||||||||||spa|d |
| 082 |
0 |
4 |
|a 937.07
|b TAC
|2 21
|
| 100 |
0 |
|
|a Tácito, Cornelio
|e author
|9 303435
|
| 245 |
1 |
0 |
|a Anales del imperio romano: desde la muerte de Augusto a la de Nerón
|
| 300 |
|
|
|a 417 p
|
| 942 |
|
|
|c BK
|
| 945 |
|
|
|d 19920925 00:00:00
|
| 260 |
|
|
|a Barcelona
|b Iberia
|c 1960
|
| 650 |
|
7 |
|a HISTORIA 30 A.C-68 D.C
|2 CL-VaPUC
|9 268134
|
| 651 |
|
0 |
|a Roma
|9 255106
|
| 583 |
|
|
|a last modification
|c 19920925 00:00:00
|k Rodrigo Vera
|
| 999 |
|
|
|c 214768
|d 214766
|
| 952 |
|
|
|0 0
|1 0
|4 0
|6 937_070000000000000_TAC_1960
|7 0
|8 P
|9 198469
|a BIBARQ
|b BIBARQ
|d 2019-11-14
|i 2659263
|o 937.07 TAC 1960
|p 2659263
|r 2025-01-20
|w 2019-11-14
|y BK
|k ARQ
|
| 952 |
|
|
|0 0
|1 0
|4 0
|6 937_070000000000000_TAC_1960
|7 0
|8 P
|9 198470
|a BIBARQ
|b BIBARQ
|d 2019-11-14
|i 3436810
|o 937.07 TAC 1960
|p 3436810
|r 2025-01-20
|w 2019-11-14
|y BK
|k ARQ
|
| 952 |
|
|
|0 0
|1 0
|4 0
|6 937_070000000000000_TAC_1960
|7 0
|8 A
|9 198471
|a BIBART
|b BIBART
|d 2019-11-14
|i 1206664
|o 937.07 TAC 1960
|p 1206664
|r 2025-03-13
|w 2019-11-14
|y BK
|k ART
|